10 krajów z największą liczbą parków narodowych - Statystyki

Ogólne statystyki
  • Ten quiz został rozwiązany 24 razy
  • Średni wynik to 8 z 10
Statystyki odpowiedzi
Parki Narodowe Kraj % Poprawnych
48 Kanada
100%
63 Stany Zjednoczone
100%
32 Australia
88%
30 Rosja
88%
32 Brazylia
83%
30 Indie
83%
37 Norwegia
71%
30 Szwecja
71%
21 Chile
54%
15 Nowa Zelandia
54%
Nie znaleziono quizów pasujących do podanych kryteriów
Rozkład punktacji
Procent ludzi z każdym wynikiem
Percentyl według liczby udzielonych odpowiedzi
Twoja historia wyników
Nie rozwiązałeś tego quizu